Statistiche per Paesi più vicini alla Cambogia

Clicka qui per fare il quiz!

Statistiche generali

  • Questo quiz è stato fatto 40 volte
  • Il punteggio medio è 17 su 20

Statistiche sulle risposte

kmnazione% Corretto
773Cina
100%
0Vietnam
100%
0Laos
97%
1141Filippine
95%
1090India
95%
768Indonesia
95%
405Malesia
95%
0Thailandia
95%
324Birmania
92%
1606Taiwan
92%
1805Bhutan
89%
2060Nepal
89%
1330Bangladesh
86%
1943Giappone
86%
2789Corea del Sud
84%
998Singapore
84%
2337Sri Lanka
84%
2988Timor-Leste
84%
1111Brunei
73%
3001Palau
35%

Distribuzione punteggi

Percentile per numero di risposta

Percentuale di utenti per punteggio

I tuoi punteggi nel tempo

Non hai fatto questo quiz